000 00637cam a2200205 a 4500
001 000004240
005 20200929151421.0
008 750708s1969 mx a 001 0 spa
040 _aDO-SdBNP
_bspa
_cBNPHU
082 _a799.21
_bO18c, 1969
100 1 _aO'Connor, Jack,
_d1902-
_912535
240 1 0 _aBig game hunts.
_lEspañol
245 1 0 _aCaza mayor /
_cJack O'connor; traductor, René Cárdenas Barrios.
250 _a2da ed.
260 _aMéxico :
_bDiana,
_c1969.
300 _a355 p. :
_bil. ;
_c23 cm.
534 _aTítulo original :
_tBig game hunts.
650 4 _aCaza
_912536
700 1 _aCárdenas Barrios, René,
_etr.
_912537
999 _c4054
_d4054